| 000 | 00952nam a2200301 a 4500 | ||
|---|---|---|---|
| 001 | BRCA_4588 | ||
| 005 | 20190320204728.0 | ||
| 008 | 240910s1913----gw-a######---#000-0#ger-# | ||
| 041 | _ager | ||
| 044 | _agw | ||
| 050 | 4 |
_aN7111.S4 _b.M39 1913 |
|
| 100 | 1 |
_aMayer, August L. _911606 |
|
| 245 | 1 | 0 |
_aSegovia, Avila und El Eskorial _cvon August L. Mayer. |
| 260 |
_aLeipzig, Alemania _bE. A. Seemann _c1913 |
||
| 300 |
_a180 p. _bil. _c19 cm. |
||
| 440 | 0 |
_aBerühmte Kunststätten _v61 _911607 |
|
| 500 | _aIncluye índice geográfico e índice onomástico | ||
| 500 | _aIncluye 133 ilustraciones | ||
| 500 | _aD23 | ||
| 504 | _aBibliografía: p. [176] | ||
| 650 | 1 | 4 |
_aArte _zSegovia, España _911608 |
| 650 | 1 | 4 |
_aArte _zEl Escorial, España _911609 |
| 650 | 1 | 4 |
_aArte _zEspaña _92064 |
| 651 | 4 |
_aSegovia (España) _xDescripción y viajes _911610 |
|
| 651 | 4 |
_aAvila (España) _xDescripción y viajes _911611 |
|
| 902 | _aGFM | ||
| 942 |
_2lcc _cB |
||
| 999 |
_c4293 _d4293 |
||